000 00375 a2200145 4500
001 75976
040 _cAnchieta - Colégio São Paulo
100 _aKutianski, Maria Lúcia A.
240 1 0 _aEducando para o trânsito
_lpor
245 1 0 _aEducando para o trânsito
300 _a91
362 0 _a1998
650 4 _aEducação elementar com objetivos específicos
942 _cBK
999 _c75976
_d75976